000 00536nam a2200169 i 4500
001 36989
003 ES-MaACL
005 20230906155500.0
007 t|
008 030219s1961 sp ||||1| spa d
100 1 _aBrueheim, Georg.
_932070
245 1 0 _aTrabajos de rectificado /
_cGeorg Brüheim ; versión española por Hans-Georg Kellner Peschitz.
260 _aBarcelona :
_bJosé Montesó,
_c1961.
300 _a97 p. :
_bil. ;
_c22 cm.
700 1 _aKellner Peschitz, Hans-Georg.
_967780
852 _aES-MaACL
_jC-20087
_bR.48301
999 _c36989
_d36989